Sugar : (Record no. 5949)

MARC details
000 -LEADER
fixed length control field 00614nam a22002177a 4500
001 - CONTROL NUMBER
control field BD-DhSAU 5949
003 - CONTROL NUMBER IDENTIFIER
control field BD-DhSAU
005 - DATE AND TIME OF LATEST TRANSACTION
control field 20150430110325.0
008 - FIXED-LENGTH DATA ELEMENTS--GENERAL INFORMATION
fixed length control field 150430b1938 -uka|||| |||| 001 0 eng d
040 ## - CATALOGING SOURCE
Original cataloging agency BD-DhSAU
082 ## - DEWEY DECIMAL CLASSIFICATION NUMBER
Edition number 22
Classification number 664.1
Item number MAS
100 ## - MAIN ENTRY--PERSONAL NAME
Personal name Martineau, George
245 ## - TITLE STATEMENT
Title Sugar :
Remainder of title Pitmans common commodities and industries /
Statement of responsibility, etc. George Martineau and F. C. Eastick
250 ## - EDITION STATEMENT
Edition statement 7th ed.
260 ## - PUBLICATION, DISTRIBUTION, ETC. (IMPRINT)
Place of publication, distribution, etc. London :
Name of publisher, distributor, etc. Sir isaac pitman & sons ,
Date of publication, distribution, etc. c1938.
300 ## - PHYSICAL DESCRIPTION
Extent xi, 163 p.:
Other physical details ill. ;
Dimensions 19 cm.
504 ## - BIBLIOGRAPHY, ETC. NOTE
Bibliography, etc Includes index
590 ## - Name of Cataloguer
Name of Cataloger IMRAN
650 ## - SUBJECT ADDED ENTRY--TOPICAL TERM
Topical term or geographic name as entry element Sugar
700 ## - ADDED ENTRY--PERSONAL NAME
Personal name Eastick, F. C.
942 ## - ADDED ENTRY ELEMENTS (KOHA)
Source of classification or shelving scheme Dewey Decimal Classification
Koha item type Book
Holdings
Withdrawn status Lost status Source of classification or shelving scheme Damaged status Not for loan Collection code Home library Branch Name Shelving location Date acquired Total Checkouts Full call number Barcode Date last seen Price effective from Koha item type
    Dewey Decimal Classification   Not For Loan Reference SAU Library SAU Library Reference 18/07/1978   664.1 MAS 719 30/04/2015 30/04/2015 Book